Placez tous les pays du monde sur une carte sans frontières - Statistiques

Statistiques générales
  • Ce quiz a été pris 96 539 fois
  • Le résultat moyen est 39 sur 196
Réponses sur la Carte
Les réponses sont colorées sur une échelle allant du rouge au vert en fonction du pourcentage des utilisateurs qui les ont devinées à leur premier essai. Vous pouvez retrouver ces pourcentages ci-dessous.
 
Statistiques - réponses
Réponse % Correct
France
30%
Russie
30%
Afrique du Sud
29%
Australie
29%
Brésil
29%
Canada
29%
Chine
29%
Espagne
29%
États-Unis
29%
Grèce
29%
Inde
29%
Irlande
29%
Islande
29%
Italie
29%
Japon
29%
Madagascar
29%
Mexique
29%
Portugal
29%
Algérie
28%
Allemagne
28%
Arabie Saoudite
28%
Argentine
28%
Chili
28%
Danemark
28%
Égypte
28%
Maroc
28%
Norvège
28%
Nouvelle-Zélande
28%
Royaume-Uni
28%
Suède
28%
Turquie
28%
Chypre
27%
Corée du Nord
27%
Corée du Sud
27%
Finlande
27%
Indonésie
27%
Malte
27%
Sri Lanka
27%
Cap-Vert
26%
Cuba
26%
Libye
26%
Philippines
26%
Taïwan
26%
Tunisie
26%
Belgique
25%
Colombie
25%
Oman
25%
Panama
25%
Papouasie-Nouvelle-Guinée
25%
Pays-Bas
25%
Pologne
25%
Somalie
25%
Ukraine
25%
Yémen
25%
Bahamas
24%
Comores
24%
Émirats Arabes Unis
24%
Jamaïque
24%
Maldives
24%
Pérou
24%
Thaïlande
24%
Venezuela
24%
Viêt Nam
24%
Estonie
23%
Haïti
23%
Malaisie
23%
Maurice
23%
Seychelles
23%
Birmanie
22%
Éthiopie
22%
Iran
22%
Israël
22%
Kazakhstan
22%
Monaco
22%
Mongolie
22%
Pakistan
22%
Qatar
22%
République Dominicaine
22%
Sao Tomé-et-Principe
22%
Soudan
22%
Suisse
22%
Uruguay
22%
Andorre
21%
Bangladesh
21%
Croatie
21%
Équateur
21%
Mauritanie
21%
Mozambique
21%
Namibie
21%
Roumanie
21%
Sénégal
21%
Vatican
21%
Angola
20%
Biélorussie
20%
Bulgarie
20%
Cambodge
20%
États Fédérés de Micronésie
20%
Albanie
19%
Autriche
19%
Érythrée
19%
Kenya
19%
Lettonie
19%
Lituanie
19%
Mali
19%
République Démocratique du Congo
19%
Saint-Marin
19%
Syrie
19%
Costa Rica
18%
Irak
18%
Jordanie
18%
Kiribati
18%
Koweït
18%
Liban
18%
Luxembourg
18%
Nigeria
18%
Singapour
18%
Slovénie
18%
Tanzanie
18%
Bolivie
17%
Cameroun
17%
Djibouti
17%
Géorgie
17%
Laos
17%
Népal
17%
Niger
17%
République Tchèque
17%
Tchad
17%
Timor Oriental
17%
Afghanistan
16%
Azerbaïdjan
16%
Bahreïn
16%
Bosnie-Herzégovine
16%
Botswana
16%
Gambie
16%
Guatemala
16%
Paraguay
16%
Suriname
16%
Arménie
15%
Belize
15%
Guyana
15%
Liechtenstein
15%
Macédoine du Nord
15%
Moldavie
15%
Nicaragua
15%
République Centrafricaine
15%
Serbie
15%
Soudan du Sud
15%
Côte d'Ivoire
14%
Eswatini
14%
Fidji
14%
Honduras
14%
Lesotho
14%
Malawi
14%
Nauru
14%
Palaos
14%
Trinité-et-Tobago
14%
Antigua-et-Barbuda
13%
Bhoutan
13%
Brunei
13%
Gabon
13%
Guinée Équatoriale
13%
Hongrie
13%
Îles Marshall
13%
Îles Salomon
13%
Kosovo
13%
Monténégro
13%
République du Congo
13%
Salvador
13%
Turkménistan
13%
Barbade
12%
Burkina Faso
12%
Dominique
12%
Guinée
12%
Ouganda
12%
Ouzbékistan
12%
Slovaquie
12%
Vanuatu
12%
Zimbabwe
12%
Bénin
11%
Ghana
11%
Guinée-Bissau
11%
Liberia
11%
Saint-Christophe- et-Niévès
11%
Sainte-Lucie
11%
Samoa
11%
Togo
11%
Tonga
11%
Zambie
11%
Grenade
10%
Kirghizistan
10%
Rwanda
10%
Saint-Vincent-et-les-Grenadines
10%
Sierra Leone
10%
Tuvalu
10%
Burundi
9%
Tadjikistan
8%
Aucun quiz correspondant
Distribution des résultats
% des personnes avec chaque résultat
Percentile par nombre de réponses
Votre historique - résultats
Vous n’avez pas pris ce quiz